| 000 | nam a22 7a 4500 | ||
|---|---|---|---|
| 999 |
_c50961 _d50961 |
||
| 003 | OSt | ||
| 005 | 20211028095535.0 | ||
| 008 | 211028b xxu||||| |||| 00| 0 eng d | ||
| 040 | _cIIMT COLLEGE OF MANAGEMENT,GREATER NOIDA | ||
| 100 | _aGREWAL,T.S. | ||
| 245 | _aINTRODUCTION TO ACCOUNTANCY | ||
| 260 |
_aNEW DELHI _bS.CHAND PUBLISHING HOUSE _c2021 |
||
| 300 | _a846 | ||
| 942 |
_2ddc _c02 |
||